| 000 | 00719nam a2200253Ia 4500 | ||
|---|---|---|---|
| 003 | OSt | ||
| 005 | 20241120102753.0 | ||
| 008 | 210329s9999||||xx |||||||||||||| ||und|| | ||
| 020 | _a9788171197231 | ||
| 040 | _cSTCPL | ||
| 041 | _aHIN | ||
| 041 | _hHND | ||
| 082 |
_aH09 _bNAM-P |
||
| 100 |
_aSingh, Namwar _qनामवर सिंह |
||
| 245 | 0 |
_aPrithviraj raso : _bBhasha Aur Sahitya / _cby Namwar Singh _hपृथ्वीराज रासो भाषा और साहित्य |
|
| 260 |
_aNew Delhi : _bRadhakrishna Publications , _c2019 . |
||
| 300 |
_a271 p. _bHB |
||
| 650 | _aHindi | ||
| 650 | _aLiterature | ||
| 650 | _aStudy | ||
| 650 | _aGeneral | ||
| 942 | _cBK | ||
| 942 | _2ddc | ||
| 999 |
_c66452 _d66452 |
||